[Event "CAN-ch w"]
[Site "Toronto, CAN"]
[Date "2011.10.10"]
[Round "6"]
[White "Zhou, Qiyu"]
[Black "Yun, Chang"]
[Result "0-1"]
[WhiteElo "1660"]
[BlackElo "1990"]
[PlyCount "98"]
[GameId "2160767909647997"]
[EventDate "2011.10.08"]
[EventType "swiss"]
[EventRounds "6"]
[EventCountry "CAN"]
[SourceTitle "CBM 144 Extra"]
[Source "ChessBase"]
[SourceDate "2011.10.28"]
[SourceVersion "1"]
[SourceVersionDate "2011.10.28"]
[SourceQuality "1"]

1. e4 c5 2. Nf3 d6 3. d4 cxd4 4. Nxd4 Nf6 5. Nc3 g6 6. Be3 Bg7 7. f3 Nc6 8. Qd2 O-O 9. Bc4 Bd7 10. O-O-O Rc8 11. Bb3 Nxd4 12. Bxd4 b5 13. Nd5 Nxd5 14. Bxg7 Kxg7 15. Bxd5 a5 16. a3 Qc7 17. h4 b4 18. axb4 axb4 19. Bb3 Qa5 20. Qd4+ e5 21. Qxd6 Be6 22. Bxe6 Rfd8 23. Bd7 Qa1+ 24. Kd2 Qxb2 25. Rc1 Qc3+ 26. Ke2 Rc7 27. Rhd1 Rcxd7 28. Qxd7 Rxd7 29. Rxd7 b3 30. Rd2 h5 31. Rb1 Qc4+ 32. Kf2 Qc5+ 33. Ke2 bxc2 34. Rc1 Qe7 35. g3 Qe6 36. Rcxc2 Qh3 37. Rc7 Qh2+ 38. Ke3 Qxg3 39. Rdd7 Qe1+ 40. Kd3 Qxh4 41. Rxf7+ Kh6 42. Rh7+ Kg5 43. Rc6 Qf2 44. Rf7 Qd4+ 45. Ke2 Qb2+ 46. Ke1 Qb1+ 47. Kf2 Qa2+ 48. Kg3 h4+ 49. Kh3 Qxf7 0-1

[Event "CAN-op (Pinnacle 48th CAN Op Ch)"]
[Site "Toronto CAN"]
[Date "2011.07.09"]
[Round "1"]
[White "Agbabishvili, Lali"]
[Black "Dougherty, Michael"]
[Result "0-1"]
[WhiteElo "1954"]
[BlackElo "2314"]
[PlyCount "100"]
[GameId "2160767909706930"]
[EventDate "2011.07.09"]
[EventType "swiss"]
[EventRounds "9"]
[EventCountry "CAN"]
[SourceTitle "EXT 2022"]
[Source "ChessBase"]
[SourceDate "2021.10.06"]
[SourceVersion "1"]
[SourceVersionDate "2021.10.06"]
[SourceQuality "1"]

1. Nf3 g6 2. c4 Bg7 3. Nc3 e5 4. g3 Ne7 5. d3 O-O 6. Bg2 c6 7. h4 h5 8. O-O d5 9. e4 Na6 10. cxd5 cxd5 11. Nd2 Bg4 12. Bf3 d4 13. Ncb1 Qd7 14. Na3 Rac8 15. Bxg4 hxg4 16. f3 Nc5 17. Nb3 Nxb3 18. axb3 gxf3 19. Qxf3 f5 20. Bg5 Nc6 21. Kg2 Na5 22. b4 Nb3 23. Rad1 b5 24. Rh1 a6 25. h5 fxe4 26. Qxe4 gxh5 27. Rxh5 Qc6 28. Qxc6 Rxc6 29. Rh4 Rf5 30. Bd8 Rc1 31. Rhh1 Bh6 32. g4 Rf7 33. Rxc1 Bxc1 34. Nc2 Bf4 35. Ne1 Nc1 36. Bb6 Be3 37. Rf1 Rxf1 38. Kxf1 Kf7 39. Bd8 Ke6 40. Bc7 Kd5 41. Nf3 Nxd3 42. g5 e4 43. g6 Bh6 44. Ng5 e3 45. Nf7 Bg7 46. Ke2 Nxb2 47. Bf4 Ke4 48. Bxe3 d3+ 49. Kf2 Nd1+ 50. Ke1 Nxe3 0-1

[Event "CAN-op (Pinnacle 48th CAN Op Ch)"]
[Site "Toronto CAN"]
[Date "2011.07.09"]
[Round "1"]
[White "Cao, Jason"]
[Black "Campbell, Brett"]
[Result "1/2-1/2"]
[WhiteElo "1908"]
[BlackElo "2246"]
[PlyCount "79"]
[GameId "2160767909706938"]
[EventDate "2011.07.09"]
[EventType "swiss"]
[EventRounds "9"]
[EventCountry "CAN"]
[SourceTitle "hb 2011"]

1. e4 g6 2. d4 Bg7 3. Nf3 d6 4. Be2 Nf6 5. Nc3 O-O 6. O-O e5 7. dxe5 dxe5 8. Qxd8 Rxd8 9. Bg5 Re8 10. Rad1 Nc6 11. h3 a6 12. Rd2 Be6 13. Rfd1 h6 14. Be3 Bf8 15. a3 b5 16. b4 Nxb4 17. axb4 Bxb4 18. Rd3 Bc4 19. Bf1 Bxd3 20. Rxd3 Rad8 21. Na2 Bd6 22. Nd2 Kg7 23. f3 Nd7 24. c4 Nc5 25. Rc3 b4 26. Nxb4 Nxe4 27. Nxe4 Bxb4 28. Rb3 a5 29. Nc5 f5 30. Na6 c6 31. Nxb4 Rb8 32. Bc5 axb4 33. Rxb4 Rxb4 34. Bxb4 Kf6 35. Kf2 g5 36. Ke3 Rb8 37. Bd2 h5 38. Bd3 h4 39. Bc2 Ra8 40. Bd3 1/2-1/2

[Event "CAN-op (Pinnacle 48th CAN Op Ch)"]
[Site "Toronto CAN"]
[Date "2011.07.09"]
[Round "1"]
[White "Castle, Larry"]
[Black "Abrahams, Daniel"]
[Result "0-1"]
[WhiteElo "1724"]
[BlackElo "2181"]
[PlyCount "110"]
[GameId "2160767909706940"]
[EventDate "2011.07.09"]
[EventType "swiss"]
[EventRounds "9"]
[EventCountry "CAN"]
[SourceTitle "hb 2011"]

1. d4 Nf6 2. f3 d5 3. e4 dxe4 4. Nc3 exf3 5. Nxf3 Bg4 6. h3 Bxf3 7. Qxf3 c6 8. Be3 e6 9. Bd3 Nbd7 10. g4 Bb4 11. O-O Qe7 12. a3 Bd6 13. Rf2 O-O 14. Raf1 Nd5 15. Bd2 N7b6 16. Ne4 Nc7 17. c4 c5 18. dxc5 Bxc5 19. Nxc5 Qxc5 20. Bb4 Qc6 21. Bxf8 Qxf3 22. Rxf3 Rxf8 23. b3 g6 24. Be4 Na6 25. Bxb7 Nc5 26. Bc6 Rc8 27. Ba4 Nbxa4 28. bxa4 Rc7 29. Rc1 f5 30. gxf5 gxf5 31. Kf2 Kf7 32. Ke3 Kf6 33. Kd4 Nxa4 34. c5 Rd7+ 35. Kc4 Nxc5 36. Kb5 Ne4 37. Kc6 Rd5 38. h4 Nd2 39. Rf2 Nb3 40. Rc3 Nd4+ 41. Kb7 e5 42. Rc8 e4 43. Rf8+ Kg6 44. Re8 Kf7 45. Rxe4 Kg6 46. Ref4 Ne6 47. R4f3 Ra5 48. Kc8 f4 49. Kb7 Kf5 50. Kc8 Ra4 51. Kd7 Rd4+ 52. Ke7 Nc5 53. Rc3 Ne4 54. Rcf3 Nxf2 55. Rxf2 Kg4 0-1

[Event "CAN-op (Pinnacle 48th CAN Op Ch)"]
[Site "Toronto CAN"]
[Date "2011.07.09"]
[Round "1"]
[White "Chidley-Hill, John"]
[Black "Pitre, Ron"]
[Result "0-1"]
[WhiteElo "1787"]
[BlackElo "2190"]
[PlyCount "66"]
[GameId "2160767909706941"]
[EventDate "2011.07.09"]
[EventType "swiss"]
[EventRounds "9"]
[EventCountry "CAN"]
[SourceTitle "hb 2011"]

1. d4 Nf6 2. c4 g6 3. Nc3 Bg7 4. e4 d6 5. h3 O-O 6. Nf3 c6 7. Be2 Nbd7 8. O-O Qc7 9. Be3 e5 10. d5 c5 11. Qd2 a6 12. Bg5 Re8 13. Nh2 Nf8 14. Rad1 Kh8 15. Bh6 Ng8 16. Bxg7+ Kxg7 17. Ng4 h6 18. f4 Bxg4 19. Bxg4 exf4 20. Qxf4 g5 21. Qf2 Ng6 22. b3 Qe7 23. Bf5 Rf8 24. Bxg6 fxg6 25. Qc2 Qe5 26. Rde1 Nf6 27. Nd1 Rae8 28. Qc3 b5 29. Qd3 b4 30. Nf2 h5 31. Qd1 Nd7 32. Re3 Qb2 33. Qa1 Rxf2 0-1

[Event "CAN-op (Pinnacle 48th CAN Op Ch)"]
[Site "Toronto CAN"]
[Date "2011.07.09"]
[Round "1"]
[White "Deline, Ralph"]
[Black "Itkin, David"]
[Result "0-1"]
[WhiteElo "1828"]
[BlackElo "2203"]
[PlyCount "70"]
[GameId "2160767909706943"]
[EventDate "2011.07.09"]
[EventType "swiss"]
[EventRounds "9"]
[EventCountry "CAN"]
[SourceTitle "hb 2011"]

1. e4 c5 2. c3 d5 3. exd5 Qxd5 4. d4 Nf6 5. Nf3 Bg4 6. Be2 e6 7. O-O Nc6 8. Be3 cxd4 9. cxd4 Be7 10. h3 Bh5 11. Nc3 Qd7 12. Rc1 O-O 13. Re1 Rfd8 14. g4 Bg6 15. Bb5 a6 16. Ne5 Qc7 17. Nxc6 bxc6 18. Bd3 Bxd3 19. Qxd3 Qb7 20. Qe2 Rab8 21. b3 Nd5 22. Red1 a5 23. Na4 Qc7 24. Nc5 Nxe3 25. Qxe3 Qd6 26. Ne4 Qd5 27. Nc3 Qd7 28. Ne4 Rb4 29. Rc4 e5 30. Nc5 Bxc5 31. Rxc5 exd4 32. Qe4 d3 33. Qxc6 Rxg4+ 34. Kf1 Qe7 35. Rd2 Qe1+ 0-1

[Event "CAN-op (Pinnacle 48th CAN Op Ch)"]
[Site "Toronto CAN"]
[Date "2011.07.09"]
[Round "1"]
[White "Fan, Brendan"]
[Black "Golod, Vitali"]
[Result "0-1"]
[WhiteElo "2097"]
[BlackElo "2576"]
[PlyCount "78"]
[GameId "2160767909706944"]
[EventDate "2011.07.09"]
[EventType "swiss"]
[EventRounds "9"]
[EventCountry "CAN"]

1. e4 c5 2. Nc3 Nc6 3. Bb5 Nd4 4. Bc4 e6 5. Nge2 Nf6 6. e5 Ng4 7. Nxd4 Nxe5 8. Nxe6 dxe6 9. Bb5+ Bd7 10. Qe2 Nc6 11. b3 Nd4 12. Bxd7+ Qxd7 13. Qd3 Qc6 14. O-O Rd8 15. Ne2 Nf5 16. Qh3 Qe4 17. Qf3 Qxf3 18. gxf3 Nh4 19. f4 Nf3+ 20. Kg2 Nxd2 21. Rd1 Ne4 22. Rxd8+ Kxd8 23. Kf3 Nd6 24. Bb2 f6 25. c4 Be7 26. Nc3 Nf5 27. Rd1+ Kc8 28. Ke4 Rd8 29. Rxd8+ Kxd8 30. Nb5 a6 31. Nc3 Kd7 32. a4 Nd4 33. b4 f5+ 34. Kd3 cxb4 35. Kxd4 Bf6+ 36. Kd3 Bxc3 37. Bxc3 bxc3 38. Kxc3 Kd6 39. Kd4 b6 0-1

[Event "CAN-op (Pinnacle 48th CAN Op Ch)"]
[Site "Toronto CAN"]
[Date "2011.07.09"]
[Round "1"]
[White "Fu, James"]
[Black "Zenyuk, Iryna"]
[Result "1/2-1/2"]
[WhiteElo "2051"]
[BlackElo "2222"]
[PlyCount "78"]
[GameId "2160767909706948"]
[EventDate "2011.07.09"]
[EventType "swiss"]
[EventRounds "9"]
[EventCountry "CAN"]
[SourceTitle "CBM 143 Extra"]
[Source "ChessBase"]
[SourceDate "2011.08.29"]
[SourceVersion "1"]
[SourceVersionDate "2011.08.29"]
[SourceQuality "1"]

1. e4 c5 2. Nc3 Nc6 3. g3 g6 4. Bg2 Bg7 5. Nge2 e6 6. d3 Nge7 7. O-O O-O 8. Bf4 e5 9. Be3 d6 10. Nd5 Nxd5 11. exd5 Ne7 12. c4 Rb8 13. Qd2 Nf5 14. Rae1 b5 15. b3 b4 16. h3 Rb7 17. Kh2 Re7 18. Qc1 Nxe3 19. fxe3 Bh6 20. Ng1 f5 21. Qc2 g5 22. e4 g4 23. exf5 Bxf5 24. Qe2 Rg7 25. Be4 Bxe4 26. Rxf8+ Qxf8 27. dxe4 gxh3 28. Nxh3 Rf7 29. Kg2 Kh8 30. Rf1 Rxf1 31. Qxf1 Qxf1+ 32. Kxf1 Kg7 33. Kg2 Kg6 34. Ng1 Bg5 35. Nf3 Bd8 36. Kh3 h6 37. Nh2 Bg5 38. Kg4 Bd2 39. Nf3 Bg5 1/2-1/2

[Event "CAN-op (Pinnacle 48th CAN Op Ch)"]
[Site "Toronto CAN"]
[Date "2011.07.09"]
[Round "1"]
[White "Gulati, Ashish"]
[Black "Olden-Cooligan, Ben"]
[Result "1-0"]
[WhiteElo "2210"]
[BlackElo "1893"]
[PlyCount "83"]
[GameId "2160767909706950"]
[EventDate "2011.07.09"]
[EventType "swiss"]
[EventRounds "9"]
[EventCountry "CAN"]
[SourceTitle "EXT 2022"]
[Source "ChessBase"]
[SourceDate "2021.10.06"]
[SourceVersion "1"]
[SourceVersionDate "2021.10.06"]
[SourceQuality "1"]

1. e4 e6 2. d4 d5 3. e5 c5 4. c3 Nc6 5. Nf3 Bd7 6. Bd3 Nge7 7. O-O Rc8 8. dxc5 Ng6 9. Qe2 Bxc5 10. Be3 Qb6 11. Bxc5 Qxc5 12. g3 O-O 13. Nbd2 b5 14. a3 a5 15. Nb3 Qb6 16. Nbd4 Nxd4 17. Nxd4 Rb8 18. b4 Qc7 19. Bxg6 hxg6 20. Rac1 Qb6 21. Qg4 Rbc8 22. Rfe1 Rc4 23. h4 Rfc8 24. Qf3 Qc7 25. Nb3 Rxc3 26. Rxc3 Qxc3 27. Re3 Qb2 28. Nxa5 d4 29. Rd3 Rc3 30. Kg2 Kh7 31. Qd1 Rxd3 32. Qxd3 Qc3 33. Qxc3 dxc3 34. Kf3 Bc6+ 35. Ke3 c2 36. Kd2 Be4 37. Nb3 Kh6 38. Nd4 g5 39. hxg5+ Kxg5 40. Nxb5 f6 41. Nd6 Bd5 42. b5 1-0

[Event "CAN-op (Pinnacle 48th CAN Op Ch)"]
[Site "Toronto CAN"]
[Date "2011.07.09"]
[Round "1"]
[White "Hayder, Ali"]
[Black "Mikhalevski, Victor"]
[Result "0-1"]
[WhiteElo "2005"]
[BlackElo "2569"]
[PlyCount "70"]
[GameId "2160767909706953"]
[EventDate "2011.07.09"]
[EventType "swiss"]
[EventRounds "9"]
[EventCountry "CAN"]
[SourceTitle "CBM 143 Extra"]
[Source "ChessBase"]
[SourceDate "2011.08.29"]
[SourceVersion "1"]
[SourceVersionDate "2011.08.29"]
[SourceQuality "1"]

1. d4 Nf6 2. Nf3 g6 3. e3 Bg7 4. Bd3 O-O 5. O-O c5 6. b3 d5 7. Bb2 cxd4 8. exd4 Nc6 9. Ne5 Nxe5 10. dxe5 Ng4 11. Qe1 Qc7 12. f4 f6 13. Nc3 fxe5 14. Nxd5 Qc5+ 15. Kh1 e6 16. Nc3 exf4 17. Qh4 Qh5 18. Qxh5 gxh5 19. Nd1 Bd7 20. Bxg7 Kxg7 21. Be4 Rac8 22. c4 b5 23. h3 Nh6 24. Rc1 bxc4 25. bxc4 Nf5 26. Bxf5 Rxf5 27. Nf2 f3 28. g3 Re5 29. Nd3 Re3 30. Nf4 e5 31. Nd5 Ra3 32. Rc2 Bxh3 33. Re1 Bf5 34. Rh2 Rxc4 35. Rxh5 f2 0-1

[Event "CAN-op (Pinnacle 48th CAN Op Ch)"]
[Site "Toronto CAN"]
[Date "2011.07.09"]
[Round "1"]
[White "Henry, Liam"]
[Black "Wiebe, Daniel"]
[Result "1/2-1/2"]
[WhiteElo "2150"]
[BlackElo "1877"]
[PlyCount "82"]
[GameId "2160767909706955"]
[EventDate "2011.07.09"]
[EventType "swiss"]
[EventRounds "9"]
[EventCountry "CAN"]
[SourceTitle "CBM 143 Extra"]
[Source "ChessBase"]
[SourceDate "2011.08.29"]
[SourceVersion "1"]
[SourceVersionDate "2011.08.29"]
[SourceQuality "1"]

1. e4 c5 2. Nf3 d6 3. d4 cxd4 4. Nxd4 Nf6 5. Nc3 a6 6. Bc4 e6 7. Bb3 Nbd7 8. Bg5 Nc5 9. O-O Nxb3 10. axb3 Be7 11. f4 Qc7 12. Kh1 b6 13. Bxf6 gxf6 14. f5 h5 15. Qf3 e5 16. Nd5 Qc5 17. Nb5 Rb8 18. Nbc7+ Kf8 19. b4 Qc6 20. Nxe7 Qxc7 21. Nd5 Qd8 22. Qf2 Bb7 23. Qxb6 Qxb6 24. Nxb6 Ke7 25. Rf2 Rhg8 26. h3 Bxe4 27. Rxa6 Rg5 28. Ra7+ Rb7 29. Rxb7+ Bxb7 30. c4 Rg3 31. Kh2 Rb3 32. c5 Rxb4 33. Rd2 Rd4 34. Rxd4 exd4 35. b4 dxc5 36. bxc5 Be4 37. Kg1 d3 38. Nc4 Bxf5 39. Kf2 Kd7 40. Ke3 Kc6 41. Kd4 Be6 1/2-1/2

[Event "CAN-op (Pinnacle 48th CAN Op Ch)"]
[Site "Toronto CAN"]
[Date "2011.07.09"]
[Round "1"]
[White "Ibrahim, Ismail"]
[Black "Benjamin, Joel"]
[Result "0-1"]
[WhiteElo "2158"]
[BlackElo "2553"]
[PlyCount "46"]
[GameId "2160767909706956"]
[EventDate "2011.07.09"]
[EventType "swiss"]
[EventRounds "9"]
[EventCountry "CAN"]
[SourceTitle "CBM 143 Extra"]
[Source "ChessBase"]
[SourceDate "2011.08.29"]
[SourceVersion "1"]
[SourceVersionDate "2011.08.29"]
[SourceQuality "1"]

1. e4 g6 2. d4 Bg7 3. g3 d6 4. Bg2 Nf6 5. Ne2 O-O 6. O-O Nc6 7. h3 e5 8. Be3 d5 9. dxe5 Nxe4 10. f4 f6 11. exf6 Bxf6 12. Bc1 Be6 13. Kh2 Qe7 14. c4 Rad8 15. Bxe4 dxe4 16. Qc2 Qd7 17. Qxe4 Bxh3 18. Re1 Bg4 19. Nbc3 Rde8 20. Qh1 Qd3 21. Qf1 Qc2 22. Kg1 Nd4 23. Kf2 Nxe2 0-1

[Event "CAN-op (Pinnacle 48th CAN Op Ch)"]
[Site "Toronto CAN"]
[Date "2011.07.09"]
[Round "1"]
[White "Krupka, David"]
[Black "Plotkin, Victor"]
[Result "0-1"]
[WhiteElo "2019"]
[BlackElo "2411"]
[PlyCount "118"]
[GameId "2160767909706959"]
[EventDate "2011.07.09"]
[EventType "swiss"]
[EventRounds "9"]
[EventCountry "CAN"]
[SourceTitle "hb 2011"]

1. d4 Nf6 2. c4 e6 3. Nc3 d5 4. Bg5 Be7 5. e3 O-O 6. Nf3 a6 7. Rc1 Nbd7 8. Qc2 dxc4 9. Bxc4 b5 10. Bd3 h6 11. Bxf6 Nxf6 12. O-O Bb7 13. Ne4 Rc8 14. Nxf6+ Bxf6 15. Be4 Bxe4 16. Qxe4 c5 17. dxc5 Bxb2 18. Rc2 Bf6 19. Qb7 Qa5 20. Nd4 Rc7 21. Nb3 Rxb7 22. Nxa5 Rc7 23. c6 Rd8 24. Rfc1 Rd5 25. Nb3 b4 26. Rc5 Rd6 27. Kf1 Bc3 28. a3 Bb2 29. R1c2 bxa3 30. Ke2 Kf8 31. Nc1 Ke7 32. Na2 Rd5 33. R5c4 a5 34. Nc3 Rd8 35. Na2 Rb8 36. Rc5 Kd6 37. R5c4 Rb6 38. Rd2+ Ke7 39. Rdc2 Bf6 40. Kd2 Kd6 41. Nc3 Bxc3+ 42. R2xc3 Rb2+ 43. Kd3 a2 44. Rd4+ Ke7 45. Ra4 Rxf2 46. Rxa5 Rxg2 47. Rc2 Rxc2 48. Kxc2 Rxc6+ 49. Kd3 f5 50. Rxa2 Kf6 51. Ke2 g5 52. Kf2 e5 53. Kg3 h5 54. Ra8 h4+ 55. Kf3 g4+ 56. Kf2 Rc2+ 57. Kg1 h3 58. Kf1 Ke6 59. e4 fxe4 0-1

[Event "CAN-op (Pinnacle 48th CAN Op Ch)"]
[Site "Toronto CAN"]
[Date "2011.07.09"]
[Round "1"]
[White "Lacau Rodean, Iulia"]
[Black "Arencibia Rodriguez, Walter"]
[Result "0-1"]
[WhiteElo "2018"]
[BlackElo "2476"]
[PlyCount "104"]
[GameId "2160767909706961"]
[EventDate "2011.07.09"]
[EventType "swiss"]
[EventRounds "9"]
[EventCountry "CAN"]
[SourceTitle "CBM 143 Extra"]
[Source "ChessBase"]
[SourceDate "2011.08.29"]
[SourceVersion "1"]
[SourceVersionDate "2011.08.29"]
[SourceQuality "1"]

1. e4 e5 2. Nf3 Nc6 3. Bb5 a6 4. Bxc6 dxc6 5. O-O Bg4 6. h3 h5 7. d3 Qf6 8. Nbd2 Ne7 9. Re1 Ng6 10. Nf1 Bxf3 11. Qxf3 Qxf3 12. gxf3 Nh4 13. Nh2 g5 14. Kf1 Rg8 15. Ke2 f5 16. Rg1 f4 17. Bd2 Kf7 18. Bc3 Ke6 19. Nf1 b5 20. b3 Ba3 21. Rb1 a5 22. Bb2 Bc5 23. a3 g4 24. hxg4 hxg4 25. Rxg4 Rxg4 26. fxg4 f3+ 27. Kd2 Bxf2 28. Ne3 Rh8 29. Rf1 Bg3 30. Nf5 Bf4+ 31. Kd1 Ng6 32. Rxf3 Rh1+ 33. Ke2 Rb1 34. Bc3 Rc1 35. Bxa5 Rxc2+ 36. Kd1 Rc1+ 37. Ke2 Rb1 38. Bxc7 Rb2+ 39. Kf1 Rxb3 40. Bd6 Bc1 41. Kf2 Bxa3 42. Bxa3 Rxa3 43. d4 b4 44. Rxa3 bxa3 45. d5+ cxd5 46. exd5+ Kxd5 47. Ne3+ Kc5 48. Nc2 a2 49. Ke3 Kc4 50. Kd2 Kb3 51. Kc1 Kc3 52. g5 e4 0-1

[Event "CAN-op (Pinnacle 48th CAN Op Ch)"]
[Site "Toronto CAN"]
[Date "2011.07.09"]
[Round "1"]
[White "Lin, Tony (Juntao)"]
[Black "Mulyar, Michael"]
[Result "0-1"]
[WhiteElo "2023"]
[BlackElo "2422"]
[PlyCount "124"]
[GameId "2160767909706962"]
[EventDate "2011.07.09"]
[EventType "swiss"]
[EventRounds "9"]
[EventCountry "CAN"]

1. e4 e5 2. Nf3 Nc6 3. Bb5 a6 4. Bxc6 dxc6 5. O-O f6 6. d4 exd4 7. Nxd4 c5 8. Ne2 Qxd1 9. Rxd1 Bd7 10. Nbc3 O-O-O 11. Be3 Re8 12. Rd2 b6 13. Rad1 Bc6 14. f3 Ne7 15. Nf4 Ng6 16. Ncd5 Ne5 17. b3 h5 18. Kf2 Kb7 19. Nd3 Nf7 20. N3f4 Rh6 21. Ne2 Rh7 22. Ng3 h4 23. Ne2 Bd6 24. Bf4 Ne5 25. Bxe5 Rxe5 26. Nec3 Re8 27. Kg1 Rhh8 28. Ne3 g6 29. Ncd5 Be5 30. Kh1 Bd4 31. Rd3 Bb5 32. c4 Bc6 33. Nc2 Be5 34. Nce3 Rhf8 35. R3d2 Bd6 36. h3 f5 37. exf5 gxf5 38. Kg1 Bg3 39. Nf1 Be5 40. Kh1 Bd4 41. Nf4 Rg8 42. Re2 Rxe2 43. Nxe2 Bf2 44. Nf4 Bd4 45. Re1 Rd8 46. Ng6 Rd6 47. Ne7 Bd7 48. Nd5 Bc6 49. Ne7 Bd7 50. Nd5 a5 51. a4 Bc6 52. Ne7 Bc3 53. Re3 Bf6 54. Nxc6 Kxc6 55. Kh2 Bg5 56. Re1 Rd3 57. Rb1 Kd6 58. Kg1 Ke5 59. Kf2 Kd4 60. g4 hxg3+ 61. Kxg3 Kc3 62. h4 Bh6 0-1

[Event "CAN-op (Pinnacle 48th CAN Op Ch)"]
[Site "Toronto CAN"]
[Date "2011.07.09"]
[Round "1"]
[White "Loadman, Ian"]
[Black "Baumgartner, Christopher"]
[Result "0-1"]
[WhiteElo "2218"]
[BlackElo "1904"]
[PlyCount "50"]
[GameId "2160767909706963"]
[EventDate "2011.07.09"]
[EventType "swiss"]
[EventRounds "9"]
[EventCountry "CAN"]
[SourceTitle "EXT 2022"]
[Source "ChessBase"]
[SourceDate "2021.10.06"]
[SourceVersion "1"]
[SourceVersionDate "2021.10.06"]
[SourceQuality "1"]

1. e4 c5 2. Nf3 e6 3. c3 Nf6 4. e5 Nd5 5. d4 cxd4 6. Qxd4 Nc6 7. Qe4 d6 8. Bb5 Bd7 9. exd6 Bxd6 10. O-O a6 11. Ba4 Qc7 12. Rd1 Nf6 13. Qe2 O-O 14. Bg5 Be7 15. Bc2 Rfd8 16. Nbd2 Be8 17. Ne4 Nxe4 18. Qxe4 g6 19. Qh4 f5 20. Bb3 Bf7 21. Bxe7 Qxe7 22. Qxe7 Nxe7 23. Ng5 Nd5 24. Re1 Rd6 25. Nxe6 Rxe6 0-1

[Event "CAN-op (Pinnacle 48th CAN Op Ch)"]
[Site "Toronto CAN"]
[Date "2011.07.09"]
[Round "1"]
[White "Longo, Tyler"]
[Black "Perelshteyn, Eugene"]
[Result "0-1"]
[WhiteElo "2087"]
[BlackElo "2532"]
[PlyCount "60"]
[GameId "2160767909706964"]
[EventDate "2011.07.09"]
[EventType "swiss"]
[EventRounds "9"]
[EventCountry "CAN"]

1. d4 Nf6 2. Nf3 g6 3. b3 Bg7 4. Bb2 O-O 5. Nbd2 d5 6. e3 a5 7. Bd3 a4 8. c4 c6 9. Ne5 Nbd7 10. f4 Nxe5 11. fxe5 Ng4 12. Qe2 f6 13. h3 Nh6 14. exf6 exf6 15. O-O Re8 16. Qf3 Nf5 17. Rfe1 Bh6 18. Bxf5 Bxf5 19. cxd5 cxd5 20. bxa4 Rxa4 21. Nb3 b6 22. Re2 Qd6 23. Bc3 Rc4 24. Bd2 Be4 25. Qf2 f5 26. a3 Bd3 27. Ree1 Rc2 28. Bb4 Rxf2 29. Bxd6 Rb2 30. Nc1 Bxe3+ 0-1

[Event "CAN-op (Pinnacle 48th CAN Op Ch)"]
[Site "Toronto CAN"]
[Date "2011.07.09"]
[Round "1"]
[White "Luo, Zhao Yang"]
[Black "Larochelle, Martial"]
[Result "1/2-1/2"]
[WhiteElo "1894"]
[BlackElo "2214"]
[PlyCount "108"]
[GameId "2160767909706965"]
[EventDate "2011.07.09"]
[EventType "swiss"]
[EventRounds "9"]
[EventCountry "CAN"]
[SourceTitle "hb 2011"]

1. d4 Nf6 2. Nf3 g6 3. Bg5 Bg7 4. e3 O-O 5. Bd3 d6 6. O-O c5 7. Nbd2 Nc6 8. c3 Be6 9. Qe2 b6 10. Rfd1 h6 11. Bxf6 Bxf6 12. Ne4 Bg7 13. Bb5 Bd5 14. Ng3 cxd4 15. e4 dxc3 16. bxc3 Be6 17. Bxc6 Rc8 18. Nd4 Qc7 19. Nxe6 fxe6 20. Ba4 Qxc3 21. Bb3 Kh7 22. Bxe6 Rc5 23. Rac1 Qxc1 24. Rxc1 Rxc1+ 25. Nf1 Bd4 26. Qd2 Bxf2+ 27. Qxf2 Rxf2 28. Kxf2 Kg7 29. Ne3 Kf6 30. Bc4 Ke5 31. Bd5 h5 32. Bf7 Kf6 33. Bd5 e6 34. Bb3 b5 35. Ke2 a5 36. Kd2 Ra1 37. Kc3 a4 38. Bc2 Rxa2 39. Kb4 Ke5 40. Bd1 a3 41. Nc2 Rb2+ 42. Kxa3 Rb1 43. Bf3 d5 44. exd5 exd5 45. Nb4 Kd4 46. Nxd5 Rf1 47. Nc7 Rxf3+ 48. gxf3 Ke3 49. Ne6 Kxf3 50. Kb4 h4 51. h3 Kg3 52. Ng5 Kf4 53. Ne6+ Kg3 54. Ng5 Kf4 1/2-1/2

[Event "CAN-op (Pinnacle 48th CAN Op Ch)"]
[Site "Toronto CAN"]
[Date "2011.07.09"]
[Round "1"]
[White "McTavish, Dale"]
[Black "Grecu, Veaceslav"]
[Result "1-0"]
[WhiteElo "2205"]
[BlackElo "1846"]
[PlyCount "55"]
[GameId "2160767909706966"]
[EventDate "2011.07.09"]
[EventType "swiss"]
[EventRounds "9"]
[EventCountry "CAN"]
[SourceTitle "hb 2011"]

1. c4 c5 2. Nc3 Nf6 3. Nf3 Nc6 4. b3 d5 5. cxd5 Nxd5 6. Bb2 Bg4 7. a3 e5 8. d3 g6 9. e3 Bg7 10. Rc1 Qa5 11. Qd2 Nc7 12. Ne4 Bxf3 13. gxf3 Ne6 14. Qxa5 Nxa5 15. Nxc5 Nxc5 16. Rxc5 b6 17. Rb5 O-O 18. Bh3 Rfe8 19. Ke2 Rad8 20. Rd1 Rd6 21. Rb4 f5 22. Ra4 Nxb3 23. Rxa7 Nc5 24. f4 Red8 25. Rxg7+ Kxg7 26. Bxe5+ Kf7 27. Bxd6 Rxd6 28. Bg2 1-0

[Event "CAN-op (Pinnacle 48th CAN Op Ch)"]
[Site "Toronto CAN"]
[Date "2011.07.09"]
[Round "1"]
[White "Meszaros, Michal"]
[Black "Morabito, Matthew"]
[Result "1-0"]
[WhiteElo "2409"]
[BlackElo "2016"]
[PlyCount "79"]
[GameId "2160767909706968"]
[EventDate "2011.07.09"]
[EventType "swiss"]
[EventRounds "9"]
[EventCountry "CAN"]
[SourceTitle "hb 2011"]

1. e4 c5 2. Nf3 d6 3. d4 cxd4 4. Nxd4 Nf6 5. Nc3 Nc6 6. Bg5 e6 7. Qd2 Be7 8. O-O-O a6 9. f3 Bd7 10. h4 b5 11. Nxc6 Bxc6 12. Bd3 Rc8 13. Ne2 h6 14. Be3 d5 15. e5 Nd7 16. Bd4 Bxh4 17. f4 Be7 18. Qe3 Bb7 19. f5 Nc5 20. Bxc5 Bg5 21. Nf4 Rxc5 22. Qxc5 Bxf4+ 23. Kb1 Bxe5 24. fxe6 fxe6 25. Rde1 Qc7 26. Qe3 Bf6 27. Qxe6+ Kd8 28. Re2 Qc6 29. Qf7 Qd7 30. Qg6 Kc7 31. Bf5 Qd8 32. Rhe1 Kb6 33. Qg4 Qc7 34. Bd3 Rd8 35. a4 Bc6 36. Re6 Rd6 37. axb5 Rxe6 38. Rxe6 axb5 39. Qb4 Qd7 40. Rd6 1-0

[Event "CAN-op (Pinnacle 48th CAN Op Ch)"]
[Site "Toronto CAN"]
[Date "2011.07.09"]
[Round "1"]
[White "Milicevic, Goran"]
[Black "Purewal, Sardul"]
[Result "1-0"]
[WhiteElo "2400"]
[BlackElo "2004"]
[PlyCount "24"]
[GameId "2160767909706969"]
[EventDate "2011.07.09"]
[EventType "swiss"]
[EventRounds "9"]
[EventCountry "CAN"]
[SourceTitle "EXT 2022"]
[Source "ChessBase"]
[SourceDate "2021.10.06"]
[SourceVersion "1"]
[SourceVersionDate "2021.10.06"]
[SourceQuality "1"]

1. e4 d6 2. d4 e5 3. Nf3 Bg4 4. dxe5 Bxf3 5. Qxf3 dxe5 6. Bc4 Qd7 7. O-O c6 8. Rd1 Qc7 9. Bg5 f6 10. Be3 Na6 11. Qh3 Qe7 12. Na3 Nh6 1-0